| 000 | 00354nam a2200133Ia 4500 | ||
|---|---|---|---|
| 008 | 240624s9999 xx 000 0 und d | ||
| 041 | _aeng | ||
| 082 | _a658.4092 DUT | ||
| 100 | _aDUTTON JANE E | ||
| 245 | _aHOW TO BE A POSITIVE LEADER SMALL ACTION | ||
| 260 |
_c2014 _aSan Francisco _bBerrett-Koehler Publishers |
||
| 300 | _a240 : p. | ||
| 365 |
_c _b15 |
||
| 999 |
_c23913 _d23913 |
||